BCIS comprehensive buildng price book major works, 2020 (Record no. 121096)

MARC details
000 -LEADER
fixed length control field 01219nam a2200253 4500
001 - CONTROL NUMBER
control field K121096
008 - FIXED-LENGTH DATA ELEMENTS--GENERAL INFORMATION
fixed length control field 160218b2019 xxu||||| |||| 00| 0 eng d
020 ## - INTERNATIONAL STANDARD BOOK NUMBER
ISBN 9781783213610
041 ## - LANGUAGE CODE
Language code of text/sound track or separate title eng
050 ## - Library of Congress Classification
Class mark F692.5
100 ## - MAIN ENTRY--PERSONAL NAME
Personal author Building Cost Information Service
245 ## - TITLE STATEMENT
Title BCIS comprehensive buildng price book major works, 2020
250 ## - EDITION
Edition statement 37th
260 ## - PUBLICATION INFORMATION
Place of publication London
Publisher BCIS
Date 2019
300 ## - PHYSICAL DESCRIPTION
Physical description 1 v.
Dimensions 30 cm
520 ## - ABSTRACT
Abstract The Major works and dataset focuses predominantly on large 'new build' projects from reflecting the economies of scale found in these forms of construction. Gives you rates compiling over 500,000 price elements. Each unit rate and element has been updated on new materials and specifications have been incorporated where applicable, and includes the latest amendments to professional information, average building prices, Town & Country planning, regulation fees for applications, building regulations prescribed fees etc and cost limits and allowances. .
520 ## - ABSTRACT
Abstract Supersedes 36 edition, ISBN 9781783213160
650 ## - KEYWORDS
Keywords Building costs
650 ## - KEYWORDS
Keywords Price books
650 ## - KEYWORDS
Keywords Major Works
651 ## - SUBJECT ADDED ENTRY--GEOGRAPHIC NAME
Geographic name United Kingdom 1973
690 ## - BROAD SUBJECT
9 (RLIN) 6233
Broad subject Cost management
942 ## - ADDED ENTRY ELEMENTS (KOHA)
Suppress in OPAC Do not suppress in OPAC
Holdings
Lost status Source of classification or shelving scheme Damaged status Not for loan Home library Current library Shelving location Date acquired Total Checkouts Full call number Date last seen Price effective from Koha item type
  Dewey Decimal Classification     Archives Archives BCIS/BMI publications 15/08/2019   BCIS 2019/07 15/08/2019 15/08/2019 Book
  Dewey Decimal Classification     London London BCIS/BMI publications 15/08/2019   F692.5 BUI 15/08/2019 15/08/2019 Book